000 00228nam a22000977a 4500
100 _aGrabirnuller
245 _aingular Perturbation Techniques to Differential Equations
260 _aLondon
_c1984
300 _a246
942 _cBK
999 _c13682
_d13682